The role of ecological tourism in the modern world; Journal of Economics and Social Sciences; № 4

Bibliografiske detaljer
Parent link:Journal of Economics and Social Sciences: electronic scientific journal.— , 2012-.— 2312-2978
№ 4.— 2014.— [2 p.]
Hovedforfatter: Son A. E.
Institution som forfatter: Национальный исследовательский Томский политехнический университет (ТПУ) Институт социально-гуманитарных технологий (ИСГТ) Кафедра иностранных языков (ИЯСГТ)
Andre forfattere: Lysunets (Lysuneth) T. B. Tatiana Borisovna (научный руководитель)
Summary:Title screen
This article tells about the ecological tourism, it's role in contemporary society, what role in the economy and nature protection it plays, as well as why "green" tourism must be developed.
В данной статье пойдет речь об экологическом туризме. Его роли в современном обществе, какую роль в экономике и защите природы он играет, а так же почему "зеленый" туризм необходимо развивать.
Sprog:engelsk
Udgivet: 2014
Serier:Социологические науки
Fag:
Online adgang:http://earchive.tpu.ru/handle/11683/21788
Format: MixedMaterials Electronisk Book Chapter
KOHA link:https://koha.lib.tpu.ru/cgi-bin/koha/opac-detail.pl?biblionumber=537364

MARC

LEADER 00000naa2a2200000 4500
001 537364
005 20240122110211.0
035 |a (RuTPU)RU\TPU\prd\226785 
035 |a RU\TPU\prd\226784 
090 |a 537364 
100 |a 20141202a2014 k y0rusy50 ba 
101 0 |a eng 
102 |a RU 
135 |a drcn ---uucaa 
181 0 |a i  
182 0 |a b 
200 1 |a The role of ecological tourism in the modern world  |f A. E. Son  |g lang. adv. T. B. Lysuneth 
203 |a Text  |c electronic 
215 |a 1 файл (25 Кб) 
225 1 |a Социологические науки 
300 |a Title screen 
320 |a [References: 3 tit.] 
330 |a This article tells about the ecological tourism, it's role in contemporary society, what role in the economy and nature protection it plays, as well as why "green" tourism must be developed. 
330 |a В данной статье пойдет речь об экологическом туризме. Его роли в современном обществе, какую роль в экономике и защите природы он играет, а так же почему "зеленый" туризм необходимо развивать. 
453 |a Сон, А. Е. 
461 1 |0 (RuTPU)RU\TPU\prd\225573  |x 2312-2978  |t Journal of Economics and Social Sciences  |o electronic scientific journal  |d 2012- 
463 1 |0 (RuTPU)RU\TPU\prd\226780  |t № 4  |v [2 p.]  |d 2014 
610 1 |a electronic resource 
610 1 |a еcotourism 
610 1 |a responsibility 
610 1 |a nature 
610 1 |a protection 
700 1 |a Son  |b A. E. 
702 1 |a Lysunets (Lysuneth)  |b T. B.  |c Linguist  |c Senior Lecturer of Tomsk Polytechnic University  |f 1976-  |g Tatiana Borisovna  |3 (RuTPU)RU\TPU\pers\33128  |4 727  |9 16949 
712 0 2 |a Национальный исследовательский Томский политехнический университет (ТПУ)  |b Институт социально-гуманитарных технологий (ИСГТ)  |b Кафедра иностранных языков (ИЯСГТ)  |3 (RuTPU)RU\TPU\col\18376 
801 1 |a RU  |b 63413507  |c 20090623  |g PSBO 
801 2 |a RU  |b 63413507  |c 20160921  |g PSBO 
856 4 |u http://earchive.tpu.ru/handle/11683/21788 
942 |c BK